00908 a2200229 4500010001400000020002300014035001300037037001500050082001700065090001700082100002300099245013100122260003700253270002600290300003000316490005400346500005000400650003900450942003200489999001500521952014200536 aENG-89061 a8124603618c850.0014aEN-725941 bDBAD / PUB14a016.70494825 c10129d10129 aChakraborty, Utpal1 aBibliography on Indian Buddhist art and archaeology :cby Utpal Chakrabortybgeneral and classified under geographical sites / aNew DelhibD.K. Printworldc2006 mdkprintworld@vsnl.net axxxvi, 500p.c23 cm ( Hb) aPerspectives in Indian art and archaeology; no. 6 aIncludes bibliographical references and index aArt, BuddhistzIndiaxBibliography adplcENk016.70494825 / CHA c9902d9902 00102ddc40718NFICaDBADbDBADeDBAD/PUBg850.00l0o016.70494825 CHApEN-72594r2008-09-15 00:00:00t1u10914v850.00w2008-09-15yEN